000 00405nam a2200133Ia 4500
008 220204s9999 xx 000 0 und d
082 _a581.1:577
_bGUP.3
100 _aGupta, U S
245 0 _aPhysiology of stressed crops. V. III. The stress of allelochemicals
260 _aNew Delhi
_bOxford & IBH Publising
_c2006
650 _aTree crop interference
650 _aWeed crop interference
942 _cBK
999 _c42599
_d42599